Countries Least Similar To Netherlands - Statistics

General Stats
  • This quiz has been taken 29 times
  • The average score is 10 of 20
Answer Stats
Rank Country Score % Correct
6 Niger 36.8
83%
5 Chad 36.1
79%
2 Somalia 34.1
71%
4 Eritrea 34.7
63%
3 Sudan 34.6
63%
12 Mali 38.1
58%
7 Mauritania 37.5
58%
11 South Sudan 38.0
58%
1 Yemen 33.1
58%
7 Afghanistan 37.5
54%
17 Ethiopia 39.4
54%
16 Democratic Republic of the Congo 39.3
46%
20 Central African Republic 39.7
42%
17 Djibouti 39.4
38%
14 Sierra Leone 39.0
29%
14 Uganda 39.0
25%
9 Bhutan 37.8
21%
9 Laos 37.8
21%
13 Papua New Guinea 38.2
21%
19 Bangladesh 39.5
17%
No matching quizzes found
Score Distribution
Percent of People with Each Score
Percentile by Number Answered
Your Score History
You have not taken this quiz